[Event "CAN-ch"]
[Site "CAN"]
[Date "1994.??.??"]
[Round "7"]
[White "Livshits, Ron"]
[Black "Leveille, Francois"]
[Result "1-0"]
[WhiteElo "2370"]
[BlackElo "2380"]

1.Nf3 d5 2.g3 c6 3.Bg2 Nf6 4.O-O Bf5 5.d3 e6 6.Nbd2 h6 7.b3 Be7 8.Bb2 O-O
9.Re1 a5 10.e4 Bh7 11.a3 Na6 12.Qe2 Nc5 13.exd5 cxd5 14.Nd4 Qb6 15.Rab1 Rfe8
16.N2f3 Ncd7 17.Bh3 Bc5 18.b4 axb4 19.axb4 Bf8 20.Qd2 Ra2 21.c3 g5 22.Ne5 Nxe5
23.Rxe5 Nd7 24.Ree1 Bg7 25.Nf3 Rc8 26.Rec1 Qa6 27.Bf1 g4 28.Ne1 Qd6 29.Ra1 Rca8
30.Qd1 Qb8 31.Rxa2 Rxa2 32.Rc2 Bf5 33.Ba1 Qa7 34.Bb2 Qa4 35.Bc1 Ne5 36.Be2 Ra1
37.Kg2 Bf6 38.h3 gxh3+ 39.Kh2 Kh7 40.g4 Bg6 41.Qd2 Bg5 42.f4 Bh4 43.Nf3 Nxg4+
44.Kxh3 Bf2 45.Bd1 Qd7 46.Ne5 Nxe5 47.fxe5 Bf5+ 48.Kh2 Rxc1 49.Rxc1 Bh4 50.Ra1 Bg5
51.Qf2 Qc7 52.Qd4 Bf6 53.Kh1 Bxe5 54.Qc5 Qd8 55.Qf2 Bxc3 56.Rc1 Bxb4 57.Rb1 Qd6
58.Qh4 Bc3 59.Rxb7 Kg7 60.Bh5 Bg6 61.Bxg6 Qa6 62.Rxf7+ Kxg6 63.Rf1 Bg7 64.Rg1+ Kf7
65.Qh5+ Kf8 66.Qg6 Bd4 67.Rc1 Ke7 68.Qh7+ Ke8 69.Qxh6 Qb6 70.Qh7 Bc5 71.d4 Be7
72.Qg8+ Kd7 73.Qc8+ Kd6 74.Re1  1-0

[Event "Canete"]
[Site "Canete"]
[Date "1994.??.??"]
[Round "2"]
[White "Franco Ocampo, Zenon"]
[Black "Gomez Esteban, Juan Mario"]
[Result "1/2-1/2"]
[WhiteElo "2495"]
[BlackElo "2465"]

1.Nf3 d5 2.g3 c5 3.Bg2 Nc6 4.O-O e5 5.d3 Nf6 6.Bg5 Be7 7.Nfd2 Ng8 8.Bxe7 Ngxe7
9.c4 d4 10.Ne4 b6 11.b4 cxb4 12.a3 bxa3 13.Qa4 O-O 14.Qxa3 Rb8 15.Nbd2 a5
16.Rfc1 Bg4 17.Nf3 h6 18.h3 Bh5 19.g4 Bg6 20.Nh4 Bh7 21.Qa4 Nb4 22.Qb5 Bxe4
23.Bxe4 Ned5 24.Nf5 Nf6 25.Qxe5 Re8 26.Qf4 Nxe4 27.dxe4 Qf6 28.Ra3 Rbd8 29.Rd1 Qe5
30.Qxe5  1/2-1/2

[Event "Cannes op"]
[Site "Cannes"]
[Date "1994.??.??"]
[Round "1"]
[White "Anic, Darko"]
[Black "Payen, Arnaud"]
[Result "1/2-1/2"]
[WhiteElo "2435"]
[BlackElo "2300"]

1.Nf3 d5 2.g3 Nf6 3.Bg2 c6 4.d3 Bf5 5.Nbd2 e6 6.b3 Be7 7.Bb2 O-O 8.O-O h6
9.Qe1 Bh7 10.e4 dxe4 11.dxe4 a5 12.a3 Na6 13.Qe2 Nc5 14.Nd4 Qc7 15.e5 Nfd7
16.f4 Nb6 17.f5 exf5 18.Nxf5 Bxf5 19.Rxf5 Bg5 20.Ne4 Nxe4 21.Bxe4 Na4 22.Bd4 c5
23.Bb2 Nc3 24.Qc4 Nxe4 25.Qxe4 g6 26.Rf3 Rae8 27.Re1 Re6 28.Rd3 Rfe8 29.Rd5 b6
30.g4 Qe7 31.Re2 Kg7  1/2-1/2

[Event "Cap d'Agde op"]
[Site "Cap d'Agde"]
[Date "1994.??.??"]
[Round "?"]
[White "Ninov, Kiril"]
[Black "Sharif, Mershad"]
[Result "0-1"]
[WhiteElo "2415"]
[BlackElo "2455"]

1.Nf3 d5 2.g3 Bg4 3.Bg2 Nd7 4.c4 e6 5.cxd5 exd5 6.d3 Bd6 7.Nc3 Ne7 8.O-O c6
9.Qc2 O-O 10.e4 Nc5 11.Ne2 Ne6 12.Be3 Qd7 13.Nh4 g5 14.f3 gxh4 15.fxg4 Ng7
16.g5 hxg3 17.Nxg3 d4 18.Bf4 Bxf4 19.Rxf4 Ng6 20.Rf6 Qg4 21.Qd2 Ne6 22.Rf5 Nh4
23.Raf1 Nxf5 24.Rxf5 Kh8 25.Bf3 Qh4 26.e5 Rg8 27.Ne4 Nxg5 28.Nxg5 h6 29.Qf2 Rxg5+  0-1

[Event "Cap d'Agde op"]
[Site "Cap d'Agde"]
[Date "1994.??.??"]
[Round "?"]
[White "Ninov, Kiril"]
[Black "Savchenko, Stanislav"]
[Result "0-1"]
[WhiteElo "2415"]
[BlackElo "2570"]

1.Nf3 d5 2.g3 c6 3.Bg2 Bg4 4.c4 e6 5.cxd5 exd5 6.d3 Nf6 7.h3 Bxf3 8.Bxf3 Bc5
9.Nc3 O-O 10.O-O Nbd7 11.Qc2 Re8 12.e4 dxe4 13.dxe4 Ne5 14.Be2 Qe7 15.Kg2 Ned7
16.Bd3 Bd4 17.Bg5 Nc5 18.Rfe1 Rad8 19.Rad1 h6 20.Bxf6 Qxf6 21.f4 Bxc3 22.bxc3 Qe6
23.a4 Nxd3 24.Rxd3 Qc4 25.Rde3 Rd7 26.e5 Red8 27.R1e2 Rd3 28.Kf2 Qc5 29.Kf3 Qd5+
30.Kf2 Rxe3 31.Kxe3 Qh1 32.h4 Rd1 33.Qf5 g6 34.Qg4 h5 35.Qc8+ Kg7 36.f5 Qg1+
37.Ke4 Qxg3 38.f6+ Kh7 39.Qf8 Qd3+  0-1

[Event "Capablanca mem-A"]
[Site "?"]
[Date "1994.??.??"]
[Round "7"]
[White "Miles, Anthony J"]
[Black "Armas, Jorge"]
[Result "1-0"]
[WhiteElo "2590"]
[BlackElo "2450"]

1.Nf3 d5 2.g3 Nc6 3.d4 Bf5 4.Bg2 e6 5.O-O Nf6 6.c4 Bxb1 7.Rxb1 Be7 8.cxd5 Nxd5
9.e4 Nb6 10.Be3 O-O 11.Qe2 Re8 12.Rfd1 Bf8 13.Rbc1 Qe7 14.Bf4 f6 15.h4 Qf7
16.Be3 Rad8 17.a3 Bd6 18.Qc2 Qh5 19.Re1 Kh8 20.Rcd1 Nd7 21.Bc1 e5 22.d5 Ne7
23.b4 h6 24.Bb2 f5 25.exf5 Nxf5 26.Ng5 hxg5 27.Qxf5 Rf8 28.Qxg5 Qxg5 29.hxg5 Rf5
30.Bc1  1-0

[Event "Cappelle op"]
[Site "Cappelle la Grande"]
[Date "1994.??.??"]
[Round "1"]
[White "Marek, Jiri"]
[Black "Sokolov, Andrei"]
[Result "1/2-1/2"]
[WhiteElo "2280"]
[BlackElo "2555"]

1.Nf3 d5 2.g3 Nf6 3.Bg2 e6 4.O-O b6 5.c4 Bb7 6.Ne5 Be7 7.d4 O-O 8.b3 Na6
9.Bb2 c5 10.e3 Qc7 11.Nd2 Rad8 12.Qe2 Qb8 13.Rac1 Qa8 14.Rfd1 Nb4 15.a3 Nc6
16.Nxc6 Bxc6 17.dxc5 bxc5 18.cxd5 Bxd5 19.Bxd5 Qxd5 20.Nc4 Qb7 21.Bxf6 Bxf6
22.Qc2 h5 23.Rxd8 Rxd8 24.Rd1 Rxd1+ 25.Qxd1 h4 26.gxh4 Bxh4 27.f3 Bf6 28.Kg2 g6
29.Qd3 Kg7 30.Nd6 Qc6 31.Ne4 Qb6 32.Qd6 Qd8 33.Qd2 Qb8 34.Qd6 Qd8 35.Qd2 Qb8  1/2-1/2

[Event "Cappelle op"]
[Site "Cappelle la Grande"]
[Date "1994.??.??"]
[Round "3"]
[White "Ninov, Kiril"]
[Black "Czajka, Zbigniew"]
[Result "1-0"]
[WhiteElo "2415"]
[BlackElo "2205"]

1.Nf3 d5 2.g3 c6 3.Bg2 f6 4.d4 Bg4 5.c4 e6 6.O-O Nd7 7.b3 Bd6 8.Nc3 Ne7 9.Qd3 O-O
10.e4 Bb4 11.Bb2 Qe8 12.h3 Bh5 13.a3 Bxc3 14.Bxc3 g5 15.Qe3 Qf7 16.Rfe1 Rfe8
17.Rac1 h6 18.Bb4 dxc4 19.Rxc4 Nd5 20.Qd2 Nxb4 21.Qxb4 Nb6 22.Rcc1 Qe7 23.Qa5 Red8
24.Rcd1 Rd7 25.Rd2 Qd8 26.Qc5 Qc7 27.Qc3 Kg7 28.h4 Kf7 29.hxg5 hxg5 30.Qe3 Rg8
31.Rc1 Qd8 32.Rc5 Qe7 33.Ne1 Rdd8 34.b4 Nd7 35.Rc3 a6 36.Bh3 Rh8 37.Rc1 Rde8
38.Qb3  1-0

[Event "Cappelle op"]
[Site "Cappelle la Grande"]
[Date "1994.??.??"]
[Round "4"]
[White "Kirov, Nino"]
[Black "Cosma, Elena Luminita"]
[Result "1-0"]
[WhiteElo "2470"]
[BlackElo "2310"]

1.Nf3 d5 2.g3 c5 3.Bg2 Nc6 4.d4 e6 5.O-O Nf6 6.c4 dxc4 7.dxc5 Qxd1 8.Rxd1 Bxc5
9.Nbd2 Ng4 10.Ne4 Be7 11.h3 Nf6 12.Ned2 c3 13.bxc3 O-O 14.c4 Bd7 15.e4 Na5
16.e5 Ne8 17.Nd4 Ba4 18.N2b3 Nxc4 19.Bxb7 Rd8 20.Re1 Bxb3 21.Nc6 Rd7 22.Bc8 Nxe5
23.Nxe5 Rd1 24.Rxd1 Bxd1 25.Nd7 Nd6 26.Nxf8 Nxc8 27.Nd7 Ba4 28.Ne5 f6 29.Nf3 Bc6
30.Nd4 Bd5 31.Be3 Nd6 32.Nb3 a6 33.Bc5 Kf7 34.Rc1 Nc4 35.f4 a5 36.Bxe7 Kxe7
37.Kf2 Kd6 38.Rc3 a4 39.Nc1 Kc5 40.Rc2 Kb4 41.Ke2 Kc5 42.Nd3+ Kd4 43.Nb4 Bg2
44.h4 e5 45.fxe5 fxe5 46.Rc1 e4 47.Nc2+ Ke5 48.Ne1  1-0

[Event "Cappelle op"]
[Site "Cappelle la Grande"]
[Date "1994.??.??"]
[Round "5"]
[White "Dunnington, Angus J"]
[Black "Astolfi, Frederic"]
[Result "0-1"]
[WhiteElo "2430"]
[BlackElo "2235"]

1.Nf3 d5 2.g3 c6 3.Bg2 Nf6 4.O-O Bf5 5.d3 e6 6.Nbd2 h6 7.b3 Be7 8.Bb2 O-O
9.Qe1 Bh7 10.e4 a5 11.a4 Na6 12.Qe2 Nc5 13.e5 Nfd7 14.Nd4 Na6 15.f4 c5 16.Nb5 Nb4
17.Rac1 Nb6 18.Nf3 Qd7 19.Kh1 Rac8 20.g4 Rfd8 21.Rfd1 Qe8 22.Qf2 Qf8 23.Bh3 c4
24.f5 cxd3 25.cxd3 Rxc1 26.Bxc1 Nd7 27.d4 Rc8 28.Bf4 g5 29.Be3 Rc2 30.Qf1 Na2
31.Ne1 Rc6 32.Nd3 Nc3 33.Nxc3 Rxc3 34.Qe1 Bb4 35.Nxb4 axb4 36.Rb1 Qc8 37.Bg2 exf5
38.gxf5 Bxf5 39.Rb2 Rc2 40.Rxc2 Qxc2 41.Bxd5 Be4+ 42.Bxe4 Qxe4+ 43.Kg1 Nb6
44.h3 Nd5 45.Bf2 Qf5 46.Qf1 Qf3 47.Qg2 Qxb3 48.a5 Nf4 49.Qxb7 Qxh3 50.Qe4 b3
51.e6 Qxe6  0-1

[Event "Cappelle op"]
[Site "Cappelle la Grande"]
[Date "1994.??.??"]
[Round "5"]
[White "Beikert, Guenther"]
[Black "Czajka, Zbigniew"]
[Result "1-0"]
[WhiteElo "2415"]
[BlackElo "2205"]

1.g3 d5 2.Nf3 c6 3.Bg2 Bf5 4.b3 f6 5.d4 e6 6.Bb2 Bb4+ 7.c3 Bd6 8.Nbd2 Nd7
9.O-O Ne7 10.Qe1 O-O 11.e4 dxe4 12.Nxe4 Qc7 13.c4 Ng6 14.Rd1 Rfe8 15.Nxd6 Qxd6
16.h3 h5 17.Qc3 Rad8 18.Nh2 h4 19.Kh1 e5 20.Qf3 Bc2 21.Rc1 hxg3 22.fxg3 e4
23.Qh5 Bd3 24.Qxg6 Bxf1 25.Bxf1 Nf8 26.Qg4 g6 27.c5 Qe7 28.Bc4+ Kg7 29.Re1 f5
30.Qf4 Qf6 31.Qd2 Nd7 32.d5 Ne5 33.d6 Kh7 34.Qf4 g5 35.Ng4 Qf8 36.Qf2 Nd7
37.Ne3 f4 38.gxf4 Qxf4 39.Rf1 Rf8 40.Qe1 Qh4 41.Qxh4+ gxh4 42.Rg1 Nf6 43.Be6 Rde8
44.Bf5+  1-0

[Event "Cappelle op"]
[Site "Cappelle la Grande"]
[Date "1994.??.??"]
[Round "5"]
[White "Marek, Jiri"]
[Black "Nei, Iivo"]
[Result "0-1"]
[WhiteElo "2280"]
[BlackElo "2405"]

1.Nf3 d5 2.g3 c6 3.Bg2 Bg4 4.O-O Nd7 5.d4 e6 6.Nbd2 h6 7.c4 Ngf6 8.b3 Be7
9.Bb2 O-O 10.Re1 Bf5 11.Ne5 Nxe5 12.dxe5 Nd7 13.e4 dxe4 14.Bxe4 Nc5 15.Bxf5 exf5
16.Ba3 Nd3 17.Bxe7 Qxe7 18.Re3 Rad8 19.Qe2 Nc5 20.Nf3 Rd7 21.Rd1 Rxd1+ 22.Qxd1 Rd8
23.Qc2 Qd7 24.Re2 Ne4 25.Nh4 g6 26.e6 Qd1+ 27.Qxd1 Rxd1+ 28.Kg2 Kf8 29.g4 fxe6
30.Nxg6+ Kf7 31.gxf5 exf5 32.Nf4 Kf6 33.f3 Nc5 34.Nh5+ Kg5 35.Ng7 Nd3 36.Ne6+ Kf6
37.Kh3 Rg1 38.Kh4 Ne5 39.Kh5 Nxf3 40.Nf4 Rg4 41.Ng2 Rg5+ 42.Kxh6 Rg6+ 43.Kh7 Ng5+  0-1

[Event "Cappelle op"]
[Site "Cappelle la Grande"]
[Date "1994.??.??"]
[Round "8"]
[White "Petkevich, Jusefs"]
[Black "Feller, Joseph"]
[Result "1-0"]
[WhiteElo "2445"]
[BlackElo "2245"]

1.Nf3 d5 2.g3 Bg4 3.Bg2 Nd7 4.c4 c6 5.cxd5 cxd5 6.Nc3 e6 7.Qa4 Nf6 8.Ne5 Bf5
9.g4 Bc2 10.Nxf7 Kxf7 11.Qxc2 Nxg4 12.h3 Ngf6 13.d4 Bd6 14.O-O Rf8 15.e4 dxe4
16.Nxe4 Nxe4 17.Qxe4 Rb8 18.Qxh7 Nf6 19.Qd3 Bc7 20.Re1 Qd6 21.Re5 Kg8 22.Bd2 Rbd8
23.Qb3 Rfe8 24.Rae1 Qxd4 25.Rxe6 Rxe6 26.Qxe6+ Kh8 27.Bc3 Qf4 28.Qe3 Qh2+
29.Kf1 Re8 30.Qxa7 Rxe1+ 31.Bxe1 b5 32.Qd4 Be5 33.Qc5 Nh5 34.Qf8+ Kh7 35.Be4+ Kh6
36.Qf5 Nf4 37.Bd2  1-0

[Event "Cappelle op"]
[Site "Cappelle la Grande"]
[Date "1994.??.??"]
[Round "8"]
[White "Kirov, Nino"]
[Black "Bryson, Douglas M"]
[Result "1/2-1/2"]
[WhiteElo "2470"]
[BlackElo "2340"]

1.Nf3 d5 2.g3 Nf6 3.Bg2 e6 4.O-O Be7 5.b3 c5 6.c4 Nc6 7.e3 O-O 8.Bb2 d4 9.exd4 cxd4
10.Re1 Ne8 11.a3 a5 12.d3 f6 13.Nbd2 e5 14.Qc2 Nc7 15.c5 Na6 16.Ne4 Be6 17.Nfd2 Rc8
18.f4 Ncb8 19.fxe5 fxe5 20.Nc4 Nd7 21.Qe2 Naxc5 22.Nxc5 Nxc5 23.Nxa5 Qxa5
24.b4 Qa4 25.bxc5 Rxc5 26.Bxb7 Bg5 27.Bc1 Bxc1 28.Raxc1 Rxc1 29.Rxc1 Qxa3
30.Re1 Bf7 31.Rf1 Qd6 32.Rf5 Bg6 33.Qxe5 Qxe5 34.Rxe5 Bxd3 35.Bd5+ Kh8 36.Be4 Bc4
37.Bd5 Bf1 38.Bg2 Bxg2 39.Kxg2 Rd8 40.Kf2 Kg8 41.Ke2 Kf7 42.Kd3 Kf6 43.Re4 Kg5
44.Re7 Kf6  1/2-1/2

[Event "Cappelle op"]
[Site "Cappelle la Grande"]
[Date "1994.??.??"]
[Round "9"]
[White "Ninov, Kiril"]
[Black "Baburin, Alexander"]
[Result "1-0"]
[WhiteElo "2415"]
[BlackElo "2520"]

1.Nf3 d5 2.g3 c5 3.Bg2 Nc6 4.d4 Nf6 5.O-O e6 6.c4 Be7 7.cxd5 exd5 8.Be3 c4
9.Ne5 O-O 10.b3 cxb3 11.Qxb3 Na5 12.Qa4 Be6 13.Bd2 Nc4 14.Nxc4 dxc4 15.e3 Qc8
16.Nc3 a6 17.Qc2 b5 18.Bxa8 Qxa8 19.f3 b4 20.Ne4 c3 21.Nxc3 Rc8 22.Qb2 bxc3
23.Bxc3 h5 24.Rae1 Qc6 25.Bd2 Qc2 26.Qxc2 Rxc2 27.Rf2 Rxa2 28.e4 a5 29.d5 Bd7
30.Rc1 h4 31.Bf4 Rxf2 32.Kxf2 hxg3+ 33.hxg3 Kf8 34.Bc7 Bb4 35.Bb6 Ke8 36.Bc5 Bd2
37.Rc2 Bh6 38.Rb2 Bc8 39.Rb8 Kd7 40.Ra8 Kc7 41.Rxa5 Nd7 42.Bd4 f6 43.Ra1 Bb7
44.Rh1 Kd6 45.Be3 Bxe3+ 46.Kxe3 g5 47.Rh7 Ba6 48.Rf7 Kc7 49.Kd4 Kd8 50.f4 Ke8
51.Rh7 gxf4 52.gxf4 Bc8 53.e5 fxe5+ 54.fxe5 Nf8 55.Rg7  1-0

[Event "Catania op"]
[Site "Cattolica"]
[Date "1994.??.??"]
[Round "3"]
[White "Sale, Srdjan"]
[Black "Levitt, Jonathan"]
[Result "1/2-1/2"]
[WhiteElo "2405"]
[BlackElo "2425"]

1.Nf3 d5 2.g3 c6 3.Bg2 Bg4 4.O-O Nd7 5.d3 Ngf6 6.c4 e6 7.b3 Bd6 8.Ba3 Bxa3
9.Nxa3 e5 10.h3 Bxf3 11.Bxf3 Qe7 12.Nc2 O-O 13.Bg2 Rfd8 14.Qc1 a5 15.cxd5 Nxd5
16.Ne3 Nxe3 17.Qxe3 Qd6 18.Rfc1 Qa3 19.Rc2 Qd6 20.Rc4 Nf8 21.Qc5 Qxc5 22.Rxc5 f6
23.Rb1 Ne6 24.Rc4 Ra7 25.f4 exf4 26.gxf4 f5 27.Kf2 c5 28.a3 b5 29.Rc2 Re7
30.Bf3 Rd6 31.Kg3 g6 32.Rbb2 Kg7 33.h4 Kh6 34.Rc1 Kg7 35.Rcc2 Rc7 36.Ra2 Kf8
37.a4 b4 38.Rc1 Re7 39.Rcc2 Rd5 40.Rc4 Rd4 41.Rac2 Rc7 42.Rd2 Rcd7 43.Rdc2 Rxc4
44.Rxc4 Rd4 45.Rc1 Ke7 46.Rb1 Rd6 47.Rc1 Kd7 48.Kf2 Kc7 49.Kg3 Kb6 50.Rd1 Nd4
51.Rb1 Rd7 52.Kf2 Ne6 53.Kg3 Rd4 54.Rd1 Rd8 55.e3 Nc7 56.Kf2 Nd5 57.Bxd5 Rxd5
58.Ke2 Rd6 59.Rh1 h5 60.Rc1 Rd5 61.Rc4 Rd6 62.Kd2 Rf6 63.Ke2 Rd6 64.Rc1 Re6
65.Rg1 Kc6 66.Rg5 Kb6 67.Kd2 Kc6 68.Rg1 Rd6 69.Rc1 Kb6 70.Rc4 Rf6 71.e4 fxe4
72.Rxe4 Kc6 73.Ke3 Kd6 74.Re5 Re6 75.d4 Rxe5+ 76.dxe5+ Kd5 77.Kd3 c4+ 78.bxc4+ Kc5
79.Kd2 Kc6 80.Kc2 Kd7 81.c5 Ke6 82.c6 Ke7  1/2-1/2

[Event "Ceske Budejovice op"]
[Site "Ceske Budejovice"]
[Date "1994.??.??"]
[Round "8"]
[White "Lechtynsky, Jiri"]
[Black "Tolstikh, Nikolay"]
[Result "1/2-1/2"]
[WhiteElo "2420"]
[BlackElo "2400"]

1.Nf3 d5 2.g3 c6 3.Bg2 Bg4 4.b3 Nd7 5.Bb2 e6 6.O-O Ngf6 7.d3 Bd6 8.Nbd2 O-O
9.h3 Bxf3 10.Bxf3 Qe7 11.Bg2 Ba3 12.Qc1 Bxb2 13.Qxb2 a5 14.a3 Rfd8 15.c4 Qd6
16.Rfc1 Qe5  1/2-1/2

[Event "FRA-ch"]
[Site "Chambery"]
[Date "1994.??.??"]
[Round "?"]
[White "Bauer, Christian"]
[Black "Apicella, Manuel"]
[Result "0-1"]
[WhiteElo "2420"]
[BlackElo "2465"]

1.g3 d5 2.Nf3 Nf6 3.Bg2 e6 4.O-O Be7 5.c4 O-O 6.d4 Nbd7 7.Qc2 c5 8.Rd1 dxc4
9.Na3 c3 10.bxc3 cxd4 11.cxd4 Nb6 12.Ne5 Nfd5 13.e4 Nb4 14.Qb3 f6 15.Nf3 Bd7
16.Be3 Kh8 17.Rdc1 Ba4 18.Qb1 Rc8 19.Bf1 Qd7 20.Qb2 Rxc1 21.Rxc1 Rc8 22.Rxc8+ Qxc8
23.Bd2 a5 24.Bc3 Bd1 25.Bxb4 axb4 26.Nh4 Qc3 27.Qb1 Qxd4 28.Nc2 Qd2 29.Ne3 Ba4
30.Bh3 Bc5 31.Bxe6 Bxe3 32.fxe3 Bc2 33.Qf1 Bxe4 34.Nf5 g6 35.Nd4 Kg7 36.Bb3 Qxe3+
37.Qf2 Qc1+ 38.Qf1 Qe3+ 39.Qf2 Qc1+ 40.Qf1 Qxf1+ 41.Kxf1 f5 42.Ke2 Kf6 43.Kd2 Nd7
44.Ne6 b6 45.Nf4 g5 46.Ne2 Ke5 47.Nc1 Nc5 48.Bg8 h6 49.Ke3 Bc6 50.Bc4 f4+
51.gxf4+ gxf4+ 52.Ke2 Kd4 53.Bf7 f3+  0-1

[Event "FRA-ch"]
[Site "Chambery"]
[Date "1994.??.??"]
[Round "?"]
[White "Anic, Darko"]
[Black "Sharif, Mershad"]
[Result "1/2-1/2"]
[WhiteElo "2445"]
[BlackElo "2455"]

1.Nf3 d5 2.g3 c6 3.Bg2 Nf6 4.O-O Bg4 5.c4 Nbd7 6.cxd5 cxd5 7.Nc3 e6 8.d4 Bd6
9.Qb3 Qb6 10.Qxb6 Nxb6 11.Ne5 Bh5 12.Bf4 a6 13.f3 Nfd7 14.Nd3 Be7 15.e4 Bf6
16.Be3 Nc4 17.Bf2 Nd2 18.Rfe1 Nxf3+ 19.Bxf3 Bxf3 20.exd5 O-O-O 21.dxe6 fxe6
22.Rxe6 Rhe8 23.Rae1 Rxe6 24.Rxe6 Nf8 25.Re3 Bg4 26.Ne5 Be6 27.Re1 Bg8 28.Nf3 Ne6
29.Rc1 Kb8 30.Rd1 Nc7 31.g4 Nd5 32.Ne4 Be7 33.a3  1/2-1/2

[Event "CZE-ch (Women)"]
[Site "Chrudim"]
[Date "1994.??.??"]
[Round "1"]
[White "Hallerova, Eva"]
[Black "Krupkova, M."]
[Result "1-0"]
[WhiteElo "2155"]
[BlackElo "1920"]

1.Nf3 d5 2.g3 Nf6 3.Bg2 g6 4.c4 c6 5.cxd5 cxd5 6.b3 Bg7 7.Bb2 O-O 8.O-O Nc6
9.d4 b6 10.Nc3 Bb7 11.Rc1 Rc8 12.Ne5 e6 13.Ba3 Re8 14.Nb5 Nxe5 15.Rxc8 Bxc8
16.dxe5 Ne4 17.Bxe4 dxe4 18.Nd6 Bxe5 19.Nxe8 Qxe8 20.Bd6 Bf6 21.Qc2 Ba6 22.Rc1 e3
23.fxe3 e5 24.Qc6 Qxc6 25.Rxc6 Bxe2 26.Rc8+ Kg7 27.Bf8+  1-0

[Event "CZE-ch (Women)"]
[Site "Chrudim"]
[Date "1994.??.??"]
[Round "9"]
[White "Hallerova, Eva"]
[Black "Flaisigova, Petra"]
[Result "1/2-1/2"]
[WhiteElo "2155"]
[BlackElo "1710"]

1.Nf3 d5 2.g3 Nf6 3.Bg2 c6 4.d3 Bf5 5.Nbd2 e6 6.O-O Be7 7.c3 O-O 8.Re1 a5
9.Qc2 Nbd7 10.e4 dxe4 11.dxe4 Bg6 12.Nh4 e5 13.Nxg6 hxg6 14.Nf1 Bc5 15.Be3 Qb6
16.Rad1 Rad8 17.Bh3 Bxe3 18.Nxe3 Nc5 19.Nc4 Qc7 20.f3 b5 21.Ne3 Qb6 22.Kf2 b4
23.Bf1  1/2-1/2

[Event "Clichy"]
[Site "Clichy"]
[Date "1994.??.??"]
[Round "8"]
[White "Moingt, Jean Claude"]
[Black "Lukasiewicz, Grzegorz"]
[Result "0-1"]
[WhiteElo "2220"]
[BlackElo "2375"]

1.Nf3 d5 2.g3 c6 3.Bg2 Bg4 4.O-O Nd7 5.d3 Ngf6 6.Nbd2 e6 7.e4 Be7 8.h3 Bh5
9.Re1 Nc5 10.e5 Nfd7 11.d4 Na6 12.c3 c5 13.Nf1 Nab8 14.c4 Nb6 15.cxd5 Nxd5
16.Ne3 Nc6 17.g4 Bg6 18.Nxd5 Qxd5 19.Be3 Rd8 20.dxc5 Bxc5 21.Qxd5 Rxd5 22.Bxc5 Rxc5
23.Rac1 Rxc1 24.Rxc1 Ke7 25.Nh4 Kd7 26.Nxg6 hxg6 27.Bxc6+ bxc6 28.Kg2 Rb8
29.b3 Rb5 30.f4 Rd5 31.Rc2 Rd3 32.h4 a5 33.Kf2 Kc7 34.Kg2 Kb6 35.Rf2 Kc5
36.f5 gxf5 37.gxf5 Kd5 38.fxe6 Kxe6 39.Rc2 Kxe5 40.Rc5+ Rd5 41.Rxc6 Rd2+
42.Kf3 Rxa2 43.Rc7 Ke6 44.Ra7 Kf6 45.Kg4 Ra1 46.Ra6+ Ke5 47.Ra7 f5+ 48.Kh5 f4
49.Kg4 Rg1+ 50.Kf3 Rf1+ 51.Kg2 Rb1 52.Rxg7 Rb2+ 53.Kg1 Ke4 54.h5 Rxb3 55.h6 Rh3
56.h7 Kf3 57.Ra7 Rh6 58.Rxa5 Rxh7 59.Ra3+ Kg4 60.Kg2 Rb7 61.Ra2 Rb3 62.Rc2 Rg3+
63.Kf2 Rh3 64.Rc8 Rh2+ 65.Kg1 Re2 66.Kf1 Kf3 67.Ra8 Rf2+ 68.Kg1 Rg2+ 69.Kf1 Re2
70.Ra7 Re3 71.Ra8 Rb3 72.Ra1 Kg3 73.Rc1 f3 74.Kg1 Rb2  0-1

[Event "Copenhagen op16"]
[Site "Copenhagen"]
[Date "1994.??.??"]
[Round "3"]
[White "Fries Nielsen, Jens Ove"]
[Black "Aagaard, Jacob"]
[Result "1/2-1/2"]
[WhiteElo "2395"]
[BlackElo "2260"]

1.Nf3 d5 2.g3 c6 3.Bg2 Bg4 4.d3 Nd7 5.O-O Qc7 6.Nbd2 Ngf6 7.e4 e5 8.h3 Bh5
9.Qe1 Be7 10.Nh4 O-O 11.Nf5 Bc5 12.Nb3 dxe4 13.dxe4 Bg6 14.Nh4 Bb6 15.Bg5 h6
16.Bd2 Bh7 17.a4 Qd6 18.a5 Bc7 19.Bb4 c5 20.Bc3 Rfe8 21.Qe2 Qc6 22.Rfe1 b5
23.axb6 axb6 24.Rxa8 Rxa8 25.Nf5 Re8 26.Nd2 b5  1/2-1/2

[Event "Copenhagen op16"]
[Site "Copenhagen"]
[Date "1994.??.??"]
[Round "5"]
[White "Stefansson, Hannes"]
[Black "Bator, Robert"]
[Result "1/2-1/2"]
[WhiteElo "2525"]
[BlackElo "2410"]

1.Nf3 d5 2.g3 c6 3.Bg2 g6 4.O-O Bg7 5.c4 Nf6 6.cxd5 cxd5 7.Ne5 O-O 8.d4 Ng4
9.Nxg4 Bxg4 10.Nc3 Nc6 11.Be3 e5 12.Nxd5 Nxd4 13.Bxd4 exd4 14.Qd2 Re8 15.Rfe1 Re5
16.e4 dxe3 17.Rxe3 Rxe3 18.Qxe3 Be6 19.Rd1 Qa5 20.Qb3 Rb8 21.h4 Qc5 22.h5 Bd4
23.Qf3 Bxd5 24.Qxd5 Bxf2+ 25.Kh2 Qxd5 26.Rxd5 gxh5 27.Rd7 b5 28.Rb7 Rd8 29.Rxb5 h4
30.gxh4 Bxh4 31.b4 Rd4 32.Rb7 Bf2 33.Bf3 Be3 34.Kg3 Rd6 35.Bh5 Rf6 36.a4 Rf5
37.Kg4 Rf4+ 38.Kg3 Rf5 39.Kg4 Rf1 40.Kg3 Kg7 41.Re7 Bd4 42.Rd7 Be5+ 43.Kg2 Rf5
44.Be2 Rf4 45.Rxa7 Rxb4  1/2-1/2

[Event "Cordoba op"]
[Site "Cordoba"]
[Date "1994.??.??"]
[Round "3"]
[White "Ninov, Kiril"]
[Black "Kurajica, Bojan"]
[Result "1/2-1/2"]
[WhiteElo "2415"]
[BlackElo "2565"]

1.Nf3 d5 2.g3 c6 3.Bg2 Bg4 4.c4 Nd7 5.cxd5 cxd5 6.Nc3 e6 7.Qb3 Bc5 8.Qxb7 Ngf6
9.O-O Rb8 10.Qa6 O-O 11.Na4 Qe7 12.Nxc5 Nxc5 13.Qa3 Rb6 14.d3 Bxf3 15.Bxf3 Ra6
16.Qc3 Rc6 17.Bf4 Qb7 18.Rfc1 Rfc8 19.Qd2 Nfd7 20.Be3 h6 21.Rc3 Na4 22.Rxc6 Rxc6
23.b3 Nc3 24.Rc1 Qc7 25.Kg2 e5 26.d4 e4 27.Bg4 Nf6 28.Bf5 Nb5 29.Rxc6 Qxc6
30.Qb4  1/2-1/2

[Event "CZE-ch"]
[Site "?"]
[Date "1994.??.??"]
[Round "5"]
[White "Jurek, Josef"]
[Black "Pisk, Petr"]
[Result "1-0"]
[WhiteElo "2280"]
[BlackElo "2260"]

1.Nf3 d5 2.g3 c5 3.c4 e6 4.Bg2 Nc6 5.O-O Nf6 6.b3 Be7 7.e3 O-O 8.Bb2 Re8
9.Qe2 b6 10.Rd1 Qc7 11.Nc3 Bb7 12.cxd5 exd5 13.d4 Rad8 14.Rac1 Ne4 15.dxc5 Nxc3
16.Bxc3 bxc5 17.Qb2 Bf8 18.Nh4 Ne5 19.e4 c4 20.Bxe5 Qxe5 21.Qxe5 Rxe5 22.bxc4 d4
23.Nf3 Rxe4 24.Nh4 Re7 25.Nf5 Red7 26.Bxb7 Rxb7 27.Rxd4 Rc8 28.Nd6 Bxd6 29.Rxd6 Kf8
30.Rc2 Rc5 31.Kf1 Rbc7 32.Rd4 R7c6 33.Ke2 Re6+ 34.Kd3 Re1 35.Re4 Rd1+ 36.Kc3 Rd7
37.Rb2 f5 38.Rd4 Rdc7 39.Rb8+ Ke7 40.Rh8 h6 41.Rg8 Kf7 42.Rgd8 Ke6 43.R8d6+ Ke7
44.R6d5 Ke6 45.Rxc5 Rxc5 46.Kb4 Re5 47.c5 Re2 48.c6 Rb2+ 49.Kc3 Rb8 50.Rd7 Rc8
51.Rxg7 Rxc6+ 52.Kd3 Rd6+ 53.Ke3 f4+ 54.Kxf4 Rd2 55.Kf3 a5 56.Rg6+  1-0

[Event "CZE-ch"]
[Site "?"]
[Date "1994.??.??"]
[Round "5"]
[White "Beil, Zdenek"]
[Black "Sosna, Jan"]
[Result "1-0"]
[WhiteElo "2355"]
[BlackElo "2325"]

1.Nf3 d5 2.g3 c6 3.Bg2 Bg4 4.O-O Nd7 5.d4 e6 6.Nbd2 f5 7.c4 Ngf6 8.Qb3 Qb6
9.c5 Qc7 10.h3 Bh5 11.Qe3 Ne4 12.Nxe4 fxe4 13.Ng5 e5 14.Ne6 Qb8 15.b4 Kf7
16.Nxf8 Rxf8 17.Bb2 exd4 18.Qxd4 Nf6 19.g4 Bg6 20.f4 exf3 21.exf3 Qg3 22.Qe5 Qxe5
23.Bxe5 Rfe8 24.Bd4 Re2 25.Rf2 Rae8 26.Bf1 Re1 27.Rd2 Rxa1 28.Bxa1 Re1 29.Bb2 Rb1
30.Kf2 Nd7 31.h4 h5 32.Bh3 Nf6 33.g5 Ng8 34.Bc8 b6 35.cxb6 axb6 36.Bb7 Ne7
37.a4 Rh1 38.Kg2 Rxh4 39.Rd4 Rxd4 40.Bxd4 Bc2 41.a5 bxa5 42.bxa5 Bd3 43.a6 Bxa6
44.Bxa6 Nf5 45.Bc5 Ke6 46.f4 Nd6 47.Bxd6 Kxd6 48.f5 Ke5 49.Bc8 Kd6 50.Kg3 c5
51.Kh4 c4 52.Ba6  1-0

[Event "CZE-ch"]
[Site "?"]
[Date "1994.??.??"]
[Round "9"]
[White "Jansa, Vlastimil"]
[Black "Blatny, Pavel"]
[Result "1-0"]
[WhiteElo "2515"]
[BlackElo "2525"]

1.Nf3 d5 2.g3 e6 3.Bg2 c5 4.O-O Nd7 5.d3 Ngf6 6.Nbd2 b6 7.e4 Bb7 8.e5 Ng8
9.Re1 Ne7 10.c3 Nc6 11.h4 Qc7 12.Qe2 Be7 13.Nf1 h6 14.Bf4 d4 15.Rac1 dxc3
16.bxc3 Rd8 17.d4 Nf8 18.h5 cxd4 19.cxd4 Qd7 20.Bd2 Nh7 21.Ne3 O-O 22.Red1 Ng5
23.Bc3 Ba3 24.Rb1 Ne4 25.Be1 Nb8 26.Bh3 Qe7 27.Rb3 a5 28.Rxb6 Bb4 29.Rb1 Qc7
30.Rxb7 Qxb7 31.a3 Nc6 32.axb4 Nxd4 33.Nxd4 Rxd4 34.Bg2 axb4 35.Nc2 Rfd8
36.Nxd4 Rxd4 37.Rxb4 Rxb4 38.Bxb4 Qxb4 39.Qxe4  1-0

[Event "CZE-chT"]
[Site "?"]
[Date "1994.??.??"]
[Round "?"]
[White "Freisler, Pavel"]
[Black "Pekarek, Ales"]
[Result "0-1"]
[WhiteElo "2380"]
[BlackElo "2415"]

1.Nf3 d5 2.g3 c6 3.Bg2 Nf6 4.b3 Bf5 5.Bb2 Nbd7 6.O-O e6 7.d3 Bc5 8.Nbd2 O-O
9.c4 Re8 10.Qc2 Bg6 11.a3 a5 12.Bc3 Bd6 13.Nh4 e5 14.Nxg6 hxg6 15.cxd5 cxd5
16.b4 Qc7 17.Rfc1 axb4 18.axb4 Rxa1 19.Bxa1 Qxc2 20.Rxc2 Bxb4 21.Nf3 Bd6
22.Kf1 Ra8 23.Bb2 Kf8 24.Bh3 Ke7 25.Ke1 b5 26.Kd1 b4 27.Rc6 Ra7 28.Ng5 Rc7
29.Ra6 Ne8 30.Bg2 f6 31.Nf3 g5 32.h4 g4 33.Nh2 Rc5 34.Nxg4 Nc7 35.Ra1 d4
36.Nh2 Nb5 37.Kd2 Rc7 38.Nf1 Nc5 39.Bd5 Nc3 40.Bc4  0-1

[Event "CZE-chT"]
[Site "?"]
[Date "1994.??.??"]
[Round "?"]
[White "Jurek, Josef"]
[Black "Michenka, Jozef"]
[Result "1/2-1/2"]
[WhiteElo "2280"]
[BlackElo "2370"]

1.Nf3 d5 2.g3 Nf6 3.Bg2 Bg4 4.c4 c6 5.cxd5 Nxd5 6.b3 Nd7 7.Bb2 Bxf3 8.Bxf3 e5
9.O-O Bd6 10.d4 O-O 11.Nc3 Nxc3 12.Bxc3 exd4 13.Bxd4 Qe7 14.Qc2 Be5 15.Rad1  1/2-1/2

[Event "CZE-chT"]
[Site "?"]
[Date "1994.??.??"]
[Round "?"]
[White "Jurek, Josef"]
[Black "Pacl, Vaclav"]
[Result "0-1"]
[WhiteElo "2280"]
[BlackElo "2300"]

1.Nf3 d5 2.g3 c5 3.c4 e6 4.Bg2 Nc6 5.cxd5 exd5 6.d4 Nf6 7.O-O Be7 8.dxc5 Bxc5
9.Bg5 O-O 10.Nc3 d4 11.Bxf6 Qxf6 12.Nd5 Qd8 13.Nd2 Re8 14.Rc1 Bb6 15.Ne4 Bh3
16.Bxh3 Qxd5 17.Nd2 Rad8 18.Bg2 Qxa2 19.Nc4 h6 20.Re1 Qa6 21.Qd3 Qb5 22.Red1 a6
23.Kf1 Ba7 24.Rd2 Re6 25.Qf3 Qg5 26.Qd3 b5 27.Na3 Nb4 28.Qb3 Qxd2 29.Rc7 Bb6  0-1